Feromóny regulujúce ovipozíciu obaľovača mramorovaného

Bibliographic Details
Main Authors: Gabel, Bruno (Author), Thiery, Denis (Author)
Format: Article
Language:Slovak
PhysicalDescription:Lit. 9 zázn. v angl.
Subjects:

MARC

LEADER 00000nab a2200000 a 4500
001 vtls000461674
003 SK-MaSNL
005 20260304033054.0
008 160204c1992 xo 0 slo
015 |a SNBRB19rr/mm-uuuuu 
035 |a CL0461807 
040 |a SNKBUCL  |b slo  |c SNKBUCL  |e AACR2 
041 0 |a slo 
044 |a xo  |c SK 
080 |a 632.78:634.84  |2 1981 
080 |a 634.84  |2 1981 
100 1 |a Gabel, Bruno  |4 aut  |9 1015899 
245 1 0 |a Feromóny regulujúce ovipozíciu obaľovača mramorovaného  |c Bruno Gabel, Denis Thiery 
300 |b Lit. 9 zázn. v angl. 
650 0 7 |a vinič hroznorodý  |2 snkbucl  |9 15944 
650 0 7 |a obaľovač mramorovaný  |2 snkbucl  |9 150881 
650 0 7 |a Polychrosis botrana  |2 snkbucl  |9 1314399 
650 0 7 |a feromóny  |2 snkbucl  |9 25365 
655 7 |a články z novín a časopisov  |2 snkbucl  |9 267496 
700 1 |a Thiery, Denis  |4 aut  |9 1314400 
773 0 |t Vinohrad  |g Roč. 30, č. 7 (1992), s. 98-99 
850 |a Slovenská národná knižnica v Martine  |a MTA001 
852 |a SNK  |b KIS3GCP 
958 |a NB 
958 |a RK 
992 |a RBX 
999 |c 2646539  |d 2648469